Pleistocene geology of portions of Nassau County and borough of Queens, (Record no. 24589)

MARC details
000 -LEADER
fixed length control field 00854cam a22002531 4500
001 - CONTROL NUMBER
control field gs 07000488
003 - CONTROL NUMBER IDENTIFIER
control field DLC
005 - DATE AND TIME OF LATEST TRANSACTION
control field 20260227111305.0
008 - FIXED-LENGTH DATA ELEMENTS--GENERAL INFORMATION
fixed length control field 770126s1901 nyu 000 0 eng
010 ## - LIBRARY OF CONGRESS CONTROL NUMBER
LC control number gs 07000488
035 ## - SYSTEM CONTROL NUMBER
System control number (OCoLC)2701323
040 ## - CATALOGING SOURCE
Original cataloging agency DLC
Transcribing agency NFredU
Modifying agency OCoLC
-- DLC
042 ## - AUTHENTICATION CODE
Authentication code premarc
050 00 - LIBRARY OF CONGRESS CALL NUMBER
Classification number Q11
Item number .N82 no. 48
100 1# - MAIN ENTRY--PERSONAL NAME
Personal name Woodworth, Jay Backus,
Dates associated with a name 1865-1925.
245 10 - TITLE STATEMENT
Title Pleistocene geology of portions of Nassau County and borough of Queens,
Statement of responsibility, etc. by Jay Backus Woodworth.
260 ## - PUBLICATION, DISTRIBUTION, ETC.
Place of publication, distribution, etc. Albany,
Name of publisher, distributor, etc. University of the State of New York,
Date of publication, distribution, etc. 1901.
300 ## - PHYSICAL DESCRIPTION
Extent [617]-670 p.
Other physical details illus., 9 plates (incl. 2 fold. maps)
Dimensions 25 cm.
490 0# - SERIES STATEMENT
Series statement New York State Museum. Bulletin 48
500 ## - GENERAL NOTE
General note Cover title.
504 ## - BIBLIOGRAPHY, ETC. NOTE
Bibliography, etc. note Bibliography: p. 664.
650 #0 - SUBJECT ADDED ENTRY--TOPICAL TERM
Topical term or geographic name entry element Geology, Stratigraphic
Chronological subdivision Quaternary.
650 #0 - SUBJECT ADDED ENTRY--TOPICAL TERM
Topical term or geographic name entry element Geology
Geographic subdivision Long Island.

No items available.

Powered by Koha